000 00523nam a22001697a 4500
999 _c60703
_d60703
005 20231010171254.0
008 231010s1987 gw ||||| |||| 00| 0 ger d
020 _a3531119613
041 _ager
080 _a902 F-96
100 _aFuchs, Werner
_920055
245 _aZu Neufunden klassisch-griechischer Skulptur /
_c Werner Fuchs.
264 _aOpladen,
_c1987.
300 _a50 p.:
_bill.;
_c24 cm.
653 _aკლასიკური ბერძნული ქანდაკებები
942 _2udc
_cBK